| 000 | 00691nam a2200229 i 4500 | ||
|---|---|---|---|
| 001 | 8858 | ||
| 003 | ES-MaACL | ||
| 005 | 20250629082009.0 | ||
| 007 | t| | ||
| 008 | 921105s1979 sp ||||1| spa d | ||
| 080 | _a86-14"19" | ||
| 080 | _a86(Jurado,M.7 C.01) | ||
| 100 | 1 |
_aJurado López, Manuel. _967326 |
|
| 245 | 1 | 3 |
_aLa Constante falacia del espejo / _cManuel Jurado López. |
| 260 |
_aTalavera de la Reina : _bAyuntamiento, _c1979. |
||
| 300 |
_a51 p. ; _c22 cm. |
||
| 490 | 1 |
_aColección Melibea ; _v3 |
|
| 710 | 1 |
_aTalavera de la Reina. _bAyuntamiento _96902 |
|
| 830 | 0 |
_aColección Melibea ; _v3 _9178216 |
|
| 852 |
_aES-MaACL _jL-16256 _bR.121011 |
||
| 999 |
_c8858 _d8858 |
||